[Event "Bayview Games Club #101"]
[Site "Toronto CAN"]
[Date "2007.01.15"]
[Round "2"]
[White "Verde, Pino"]
[Black "Buzila, Georghe"]
[Result "1/2-1/2"]
[WhiteElo "1888"]
[BlackElo "1677"]
[PlyCount "121"]
[GameId "2160767910739409"]
[EventDate "2007.01.08"]
[EventType "tourn"]
[EventRounds "9"]
[EventCountry "CAN"]
[SourceTitle "EXT 2022"]
[Source "ChessBase"]
[SourceDate "2021.10.06"]
[SourceVersion "1"]
[SourceVersionDate "2021.10.06"]
[SourceQuality "1"]

1. Nf3 d5 2. c4 e6 3. d4 Nf6 4. e3 Be7 5. Nc3 c5 6. Bd3 Nc6 7. a3 O-O 8. Qc2 dxc4 9. Bxc4 cxd4 10. exd4 Nxd4 11. Nxd4 Qxd4 12. Nb5 Qe5+ 13. Be3 a6 14. Qc3 Qxc3+ 15. Nxc3 b5 16. Be2 Bb7 17. O-O Nd5 18. Nxd5 Bxd5 19. b4 Rfc8 20. Rac1 Bf6 21. Rxc8+ Rxc8 22. Rc1 Rxc1+ 23. Bxc1 Bb7 24. Bd1 Bc6 25. Kf1 Kf8 26. g4 h6 27. Ke2 Ke7 28. Kd3 e5 29. f3 Kd6 30. h3 Bd5 31. Be3 Bc4+ 32. Ke4 Bd5+ 33. Kd3 Ke6 34. f4 exf4 35. Bxf4 Be5 36. Bd2 Kd6 37. g5 hxg5 38. Bxg5 f6 39. Be3 Ke6 40. h4 g6 41. h5 gxh5 42. Bxh5 Bb7 43. Bd1 f5 44. a4 Bd5 45. axb5 axb5 46. Bf2 Bc4+ 47. Ke3 Bc3 48. Bc2 Bxb4 49. Kd4 Bd6 50. Be1 Bh2 51. Bf2 f4 52. Be4 Bg3 53. Bg1 Bf1 54. Bf3 Kf5 55. Kc5 Kg5 56. Bd4 Kh4 57. Bc6 Kh3 58. Bg1 Be1 59. Bd4 Kg3 60. Be5 Bd2 61. Bxf4+ 1/2-1/2

[Event "Bayview Games Club #101"]
[Site "Toronto CAN"]
[Date "2007.01.29"]
[Round "4"]
[White "Verde, Pino"]
[Black "Lung, Stephen"]
[Result "0-1"]
[WhiteElo "1888"]
[BlackElo "1529"]
[PlyCount "82"]
[GameId "2160767910739410"]
[EventDate "2007.01.08"]
[EventType "tourn"]
[EventRounds "9"]
[EventCountry "CAN"]
[SourceTitle "EXT 2022"]
[Source "ChessBase"]
[SourceDate "2021.10.06"]
[SourceVersion "1"]
[SourceVersionDate "2021.10.06"]
[SourceQuality "1"]

1. e4 e5 2. Nf3 Nc6 3. Bc4 Bc5 4. c3 Nf6 5. d3 d5 6. exd5 Nxd5 7. O-O O-O 8. Re1 Re8 9. Ng5 f6 10. Qf3 Nce7 11. Ne4 Bb6 12. Qg3 Kh8 13. a4 c6 14. Bb3 Ng6 15. h4 Ngf4 16. d4 Bc7 17. Qf3 exd4 18. c4 f5 19. cxd5 fxe4 20. Rxe4 Rxe4 21. Qxe4 cxd5 22. Bxd5 Nxd5 23. Bg5 Nf6 24. Qd3 Be6 25. Nd2 h6 26. Re1 Bd5 27. Qh3 Qd6 28. f4 Re8 29. Rxe8+ Nxe8 30. Qc8 Qf8 31. Qd7 Bc6 32. Qe7 Qxe7 33. Bxe7 Bxf4 34. Nb3 Bxa4 35. Nc5 Bc6 36. Ne6 Be3+ 37. Kf1 Bb5+ 38. Ke1 d3 39. Bb4 Bc6 40. g4 Bd7 41. Bc5 d2+ 0-1

[Event "Bayview Games Club #101"]
[Site "Toronto CAN"]
[Date "2007.02.05"]
[Round "5"]
[White "Shahabuddin, Alizadeh"]
[Black "Jackiw, Mark"]
[Result "1-0"]
[WhiteElo "1873"]
[BlackElo "1465"]
[PlyCount "77"]
[GameId "2160767910739411"]
[EventDate "2007.01.08"]
[EventType "tourn"]
[EventRounds "9"]
[EventCountry "CAN"]
[SourceTitle "EXT 2022"]
[Source "ChessBase"]
[SourceDate "2021.10.06"]
[SourceVersion "1"]
[SourceVersionDate "2021.10.06"]
[SourceQuality "1"]

1. e4 c5 2. Nf3 Nf6 3. Nc3 Nc6 4. Bc4 e6 5. O-O Nxe4 6. Nxe4 d5 7. Bxd5 exd5 8. Ng3 Be7 9. d4 b6 10. c3 Bg4 11. Qa4 Bd7 12. dxc5 Bxc5 13. Re1+ Ne7 14. Qh4 O-O 15. Qg5 f6 16. Qd2 Be8 17. b4 Bd6 18. Bb2 Rc8 19. Rad1 Bxg3 20. hxg3 Bf7 21. Nd4 Nc6 22. Nf5 b5 23. Bc1 Qd7 24. Qf4 Ne5 25. Rxe5 fxe5 26. Qg5 Bg6 27. Ne7+ Kh8 28. Rxd5 Qe6 29. Rxe5 Qxa2 30. Nxc8 Rxc8 31. Rd5 Qe2 32. Be3 Qe1+ 33. Kh2 Qxc3 34. Bd4 Qc7 35. Be5 Qc6 36. Qe7 Bf7 37. Rc5 Qe6 38. Rxc8+ Qxc8 39. Qxf7 1-0

[Event "Bayview Games Club #101"]
[Site "Toronto CAN"]
[Date "2007.02.12"]
[Round "6"]
[White "Armstrong, Robert J"]
[Black "Verde, Pino"]
[Result "0-1"]
[WhiteElo "1875"]
[BlackElo "1888"]
[PlyCount "94"]
[GameId "2160767910739412"]
[EventDate "2007.01.08"]
[EventType "tourn"]
[EventRounds "9"]
[EventCountry "CAN"]
[SourceTitle "EXT 2022"]
[Source "ChessBase"]
[SourceDate "2021.10.06"]
[SourceVersion "1"]
[SourceVersionDate "2021.10.06"]
[SourceQuality "1"]

1. d4 d6 2. c4 g6 3. Nc3 Bg7 4. e4 c5 5. Be3 Nc6 6. d5 Bxc3+ 7. bxc3 Ne5 8. f4 Ng4 9. Bd2 h5 10. Nf3 h4 11. h3 N4f6 12. Bd3 Nh5 13. O-O Ng3 14. Re1 Bd7 15. e5 dxe5 16. fxe5 Bf5 17. Bg5 Bxd3 18. Qxd3 Nf5 19. Rad1 Qb6 20. e6 f6 21. Bxh4 Rxh4 22. Nxh4 Nxh4 23. Qe4 Nf5 24. Qg4 O-O-O 25. Qxg6 Ngh6 26. Qh5 Rg8 27. d6 Qc6 28. Rd5 b6 29. d7+ Kd8 30. g4 Qc7 31. Rxf5 Nxf5 32. Qxf5 Qg3+ 33. Kf1 Qxh3+ 34. Ke2 Rxg4 35. Qd5 Rg2+ 36. Kd1 Qg4+ 37. Kc1 Qg5+ 38. Qxg5 Rxg5 39. Rh1 Rg8 40. Rh7 a6 41. a4 Rf8 42. Kd2 Rg8 43. Ke3 Rf8 44. Rg7 Rh8 45. Kf4 a5 46. Kf5 Rh5+ 47. Kg6 Rg5+ 0-1

[Event "Bayview Games Club #101"]
[Site "Toronto CAN"]
[Date "2007.02.12"]
[Round "6"]
[White "Lung, Stephen"]
[Black "Kurkowski, Ken"]
[Result "1-0"]
[WhiteElo "1529"]
[BlackElo "1799"]
[PlyCount "67"]
[GameId "2160767910739413"]
[EventDate "2007.01.08"]
[EventType "tourn"]
[EventRounds "9"]
[EventCountry "CAN"]
[SourceTitle "EXT 2022"]
[Source "ChessBase"]
[SourceDate "2021.10.06"]
[SourceVersion "1"]
[SourceVersionDate "2021.10.06"]
[SourceQuality "1"]

1. e4 e5 2. Nf3 Nc6 3. Bc4 Nf6 4. Nc3 Nxe4 5. Nxe4 d5 6. Bxd5 Qxd5 7. d3 Bf5 8. Qe2 Be7 9. O-O O-O 10. Re1 Rfe8 11. Nc3 Qd7 12. Qd1 Bf6 13. Ne4 Bxe4 14. Rxe4 Rad8 15. b3 Qd6 16. Bb2 Nd4 17. Nxd4 exd4 18. Qe2 Qc6 19. Re1 Rxe4 20. dxe4 d3 21. cxd3 Bxb2 22. Qxb2 Rxd3 23. f3 Qd7 24. Re2 h6 25. Kf2 c5 26. Rc2 Qd4+ 27. Qxd4 cxd4 28. Ke2 Re3+ 29. Kd2 f5 30. Rc4 f4 31. Rxd4 a5 32. Rd3 Rxd3+ 33. Kxd3 b5 34. a4 1-0

[Event "Bayview Games Club #101"]
[Site "Toronto CAN"]
[Date "2007.02.19"]
[Round "7"]
[White "Kurkowski, Ken"]
[Black "Jackiw, Mark"]
[Result "1-0"]
[WhiteElo "1799"]
[BlackElo "1465"]
[PlyCount "71"]
[GameId "2160767910739414"]
[EventDate "2007.01.08"]
[EventType "tourn"]
[EventRounds "9"]
[EventCountry "CAN"]
[SourceTitle "EXT 2022"]
[Source "ChessBase"]
[SourceDate "2021.10.06"]
[SourceVersion "1"]
[SourceVersionDate "2021.10.06"]
[SourceQuality "1"]

1. d4 e5 2. dxe5 Nc6 3. Nf3 Nge7 4. Bf4 Ng6 5. e3 b6 6. Be2 Bb4+ 7. Nbd2 Bxd2+ 8. Qxd2 Qe7 9. Qc3 O-O 10. O-O-O Re8 11. Rhe1 a6 12. Bg5 Qb4 13. Qxb4 Nxb4 14. a3 Nc6 15. Bd3 Ncxe5 16. Nxe5 Nxe5 17. Be4 c6 18. Bf5 d5 19. Bxc8 Raxc8 20. h3 f6 21. Bf4 Nc4 22. Rd4 g5 23. Bh2 f5 24. Red1 Kf7 25. g4 fxg4 26. hxg4 Ne5 27. Bxe5 Rxe5 28. c4 dxc4 29. Rxc4 c5 30. a4 b5 31. axb5 axb5 32. Rc2 Ra8 33. Kb1 Ke6 34. Rcd2 Ra6 35. Rh1 Ra7 36. Rh6+ 1-0

[Event "Bayview Games Club #101"]
[Site "Toronto CAN"]
[Date "2007.02.19"]
[Round "7"]
[White "Maguire, Jack"]
[Black "Armstrong, Robert J"]
[Result "1/2-1/2"]
[WhiteElo "1299"]
[BlackElo "1875"]
[PlyCount "86"]
[GameId "2160767910739415"]
[EventDate "2007.01.08"]
[EventType "tourn"]
[EventRounds "9"]
[EventCountry "CAN"]
[SourceTitle "EXT 2022"]
[Source "ChessBase"]
[SourceDate "2021.10.06"]
[SourceVersion "1"]
[SourceVersionDate "2021.10.06"]
[SourceQuality "1"]

1. d4 g6 2. e4 Bg7 3. Nc3 d6 4. Nf3 Nf6 5. Be3 O-O 6. Qd2 c6 7. Bh6 b5 8. Bd3 Qa5 9. Bxg7 Kxg7 10. O-O Bg4 11. Qf4 Bxf3 12. Qxf3 Nbd7 13. Ne2 c5 14. c3 c4 15. Bc2 e5 16. Rfd1 Qb6 17. b3 Rac8 18. Rab1 cxb3 19. Bxb3 Qb7 20. Bc2 Rfd8 21. Bd3 a6 22. a4 exd4 23. cxd4 b4 24. a5 Re8 25. Ng3 Rc7 26. Qe2 Nb8 27. h3 Rec8 28. d5 Rc3 29. Qe1 Qc7 30. Rxb4 Qxa5 31. Rbb1 Qc7 32. Ra1 a5 33. Ne2 Rc5 34. Rdc1 Qb6 35. Rxc5 Rxc5 36. Nc1 Qb2 37. Rb1 Qa3 38. Nb3 Rc8 39. Qxa5 Qxa5 40. Nxa5 Rc3 41. Rxb8 Rxd3 42. Rd8 Nxe4 43. f3 Nf6 1/2-1/2

[Event "Bayview Games Club #101"]
[Site "Toronto CAN"]
[Date "2007.02.26"]
[Round "8"]
[White "Armstrong, Robert J"]
[Black "Shahabuddin, Alizadeh"]
[Result "0-1"]
[WhiteElo "1834"]
[BlackElo "1865"]
[PlyCount "84"]
[GameId "2160767910739416"]
[EventDate "2007.01.08"]
[EventType "tourn"]
[EventRounds "9"]
[EventCountry "CAN"]
[SourceTitle "EXT 2022"]
[Source "ChessBase"]
[SourceDate "2021.10.06"]
[SourceVersion "1"]
[SourceVersionDate "2021.10.06"]
[SourceQuality "1"]

1. d4 d5 2. c4 c6 3. e3 Nf6 4. Nf3 a6 5. a4 Bg4 6. Bd3 e6 7. O-O Nbd7 8. a5 c5 9. Nbd2 cxd4 10. exd4 dxc4 11. Bxc4 Bd6 12. h3 Bh5 13. Qb3 b5 14. axb6 Nxb6 15. Rxa6 Nxc4 16. Qxc4 O-O 17. Ne5 Rc8 18. Rc6 Rxc6 19. Qxc6 Qb8 20. Nd7 Nxd7 21. Qxd7 Qb6 22. Qa4 Bb4 23. Nc4 Qb8 24. Be3 Be2 25. Rc1 Be7 26. b3 Qb7 27. Na5 Qe4 28. Nc6 Bd6 29. b4 f5 30. Qc2 Bd3 31. Qc3 f4 32. Bd2 f3 33. Ne5 Bxe5 34. dxe5 fxg2 35. Qc6 Qe2 36. Qxe6+ Kh8 37. Be3 Qf1+ 38. Rxf1 gxf1=Q+ 39. Kh2 Rxf2+ 40. Kg3 Rf3+ 41. Kh4 Qe1+ 42. Kh5 g6+ 0-1

[Event "Bayview Games Club #101"]
[Site "Toronto CAN"]
[Date "2007.02.26"]
[Round "8"]
[White "Lung, Stephen"]
[Black "Jackiw, Mark"]
[Result "0-1"]
[WhiteElo "1529"]
[BlackElo "1465"]
[PlyCount "156"]
[GameId "2160767910739417"]
[EventDate "2007.01.08"]
[EventType "tourn"]
[EventRounds "9"]
[EventCountry "CAN"]
[SourceTitle "EXT 2022"]
[Source "ChessBase"]
[SourceDate "2021.10.06"]
[SourceVersion "1"]
[SourceVersionDate "2021.10.06"]
[SourceQuality "1"]

1. e4 c5 2. Nf3 Nf6 3. Nc3 Nc6 4. d4 d5 5. exd5 Nxd5 6. Nxd5 Qxd5 7. Be3 c4 8. Be2 g6 9. O-O Bg7 10. c3 O-O 11. Nd2 Na5 12. Qa4 Bd7 13. Bxc4 Qf5 14. Qb4 Nxc4 15. Nxc4 Qe6 16. Nd2 b6 17. Rfe1 a5 18. Qb3 Qf6 19. Ne4 Qc6 20. d5 Qb7 21. Nc5 Qc7 22. Nxd7 Qxd7 23. Qxb6 Qxd5 24. Qc5 Qb7 25. Rab1 Rfb8 26. Bf4 Re8 27. Qc7 Qxc7 28. Bxc7 e6 29. Red1 a4 30. a3 Rec8 31. Bd6 Ra6 32. Bb4 Rac6 33. Rd3 f5 34. Rbd1 h5 35. Rd8+ Kh7 36. Rxc8 Rxc8 37. Rd6 Bf8 38. Rd7+ Kg8 39. Bxf8 Kxf8 40. f3 Rb8 41. Rd2 Ke7 42. Kf2 e5 43. Ke3 g5 44. c4 Rb3+ 45. Ke2 g4 46. c5 Rb5 47. Rc2 Kd7 48. c6+ Kc7 49. g3 Rb6 50. fxg4 hxg4 51. Kd3 Rxc6 52. Re2 Kd6 53. Rd2 e4+ 54. Kd4 Ke6 55. Re2 Rd6+ 56. Ke3 Ke5 57. Rc2 Rd3+ 58. Ke2 Kd4 59. Rc7 Rb3 60. Rd7+ Ke5 61. Rd2 f4 62. gxf4+ Kxf4 63. Rc2 Rh3 64. Kf1 Kf3 65. Rc3+ e3 66. Kg1 Ke2 67. Rc2+ Kd3 68. Rc3+ Kd2 69. Kg2 e2 70. Rxh3 gxh3+ 71. Kxh3 e1=Q 72. Kg4 Qe4+ 73. Kg5 Ke3 74. Kf6 Kf4 75. Kf7 Kf5 76. Kf8 Kf6 77. Kg8 Qe7 78. h4 Qg7# 0-1

[Event "Bayview Games Club #101"]
[Site "Toronto CAN"]
[Date "2007.02.26"]
[Round "8"]
[White "Tellier, Raymond"]
[Black "Kurkowski, Ken"]
[Result "0-1"]
[WhiteElo "1500"]
[BlackElo "1799"]
[PlyCount "62"]
[GameId "2160767910739418"]
[EventDate "2007.01.08"]
[EventType "tourn"]
[EventRounds "9"]
[EventCountry "CAN"]
[SourceTitle "EXT 2022"]
[Source "ChessBase"]
[SourceDate "2021.10.06"]
[SourceVersion "1"]
[SourceVersionDate "2021.10.06"]
[SourceQuality "1"]

1. e4 c5 2. d4 cxd4 3. c3 Nf6 4. e5 Nd5 5. cxd4 e6 6. Nf3 Nc6 7. a3 Be7 8. Bd3 d6 9. O-O dxe5 10. dxe5 O-O 11. Qc2 g6 12. Bh6 Re8 13. Nbd2 Bd7 14. Ne4 Rc8 15. Qd2 f6 16. exf6 Nxf6 17. Nxf6+ Bxf6 18. Bg5 Ne5 19. Bxf6 Nxf3+ 20. gxf3 Qxf6 21. Be4 Rcd8 22. Qb4 e5 23. Kh1 Bh3 24. Rg1 b6 25. Qc4+ Kh8 26. Rac1 Rd4 27. Qe2 Red8 28. Qe3 Qf4 29. Qb3 Rd2 30. Rg3 Rxf2 31. Rxh3 Qxc1+ 0-1

[Event "Bayview Games Club #101"]
[Site "Toronto CAN"]
[Date "2007.02.26"]
[Round "8"]
[White "Verde, Pino"]
[Black "Maguire, Jack"]
[Result "1/2-1/2"]
[WhiteElo "1888"]
[BlackElo "1299"]
[PlyCount "101"]
[GameId "2160767910739419"]
[EventDate "2007.01.08"]
[EventType "tourn"]
[EventRounds "9"]
[EventCountry "CAN"]
[SourceTitle "EXT 2022"]
[Source "ChessBase"]
[SourceDate "2021.10.06"]
[SourceVersion "1"]
[SourceVersionDate "2021.10.06"]
[SourceQuality "1"]

1. g4 d5 2. h3 e5 3. Bg2 Nc6 4. c3 Be6 5. Na3 Bxa3 6. bxa3 Nge7 7. Rb1 Rb8 8. Nf3 Ng6 9. d3 O-O 10. Ng5 Nh4 11. Rg1 Nxg2+ 12. Rxg2 Qd7 13. e4 d4 14. c4 Ne7 15. f4 exf4 16. Bxf4 Ng6 17. Bg3 b6 18. a4 Rbe8 19. Rbb2 c5 20. Rbf2 Qd8 21. h4 h6 22. Nxe6 fxe6 23. g5 hxg5 24. Qh5 Rxf2 25. Rxf2 Nxh4 26. Qf7+ Kh8 27. Be5 Qe7 28. Bxg7+ Kh7 29. Bxd4+ Qxf7 30. Rxf7+ Kg6 31. Rg7+ Kh5 32. Be3 Ng2+ 33. Ke2 Nxe3 34. Kxe3 Rf8 35. Rxa7 g4 36. Rh7+ Kg5 37. Rh2 g3 38. Rb2 Kg4 39. Rb1 g2 40. Rg1 Kg3 41. e5 Rf1 42. Rxg2+ Kxg2 43. d4 cxd4+ 44. Kxd4 Ra1 45. c5 bxc5+ 46. Kxc5 Rxa2 47. Kd6 Rxa4 48. Kxe6 Ra6+ 49. Kf7 Ra7+ 50. Kf6 Kf3 51. e6 1/2-1/2

[Event "Bayview Games Club #101"]
[Site "Toronto CAN"]
[Date "2007.03.05"]
[Round "9"]
[White "Kurkowski, Ken"]
[Black "Buzila, Georghe"]
[Result "0-1"]
[WhiteElo "1799"]
[BlackElo "1677"]
[PlyCount "92"]
[GameId "2160767910739420"]
[EventDate "2007.01.08"]
[EventType "tourn"]
[EventRounds "9"]
[EventCountry "CAN"]
[SourceTitle "EXT 2022"]
[Source "ChessBase"]
[SourceDate "2021.10.06"]
[SourceVersion "1"]
[SourceVersionDate "2021.10.06"]
[SourceQuality "1"]

1. d4 Nf6 2. c4 e6 3. Nf3 Bb4+ 4. Bd2 Bxd2+ 5. Nbxd2 d5 6. e3 O-O 7. Bd3 Nbd7 8. Rc1 dxc4 9. Nxc4 Nd5 10. a3 c6 11. O-O N7b6 12. Qc2 f5 13. Nce5 Bd7 14. Qd2 Nf6 15. Rfe1 Be8 16. e4 fxe4 17. Bxe4 Nxe4 18. Rxe4 Qf6 19. Rce1 h5 20. Ng5 Nd5 21. Nef3 Bd7 22. Nxe6 Rfe8 23. Nfg5 Re7 24. Qe2 g6 25. Qf3 Qxf3 26. Nxf3 Rae8 27. Nc5 Rxe4 28. Rxe4 Rxe4 29. Nxe4 Bf5 30. Nd6 b6 31. Nxf5 gxf5 32. Ne5 Ne7 33. f4 Kg7 34. Kf2 Kf6 35. g3 Ke6 36. Ke3 Kd5 37. Kd3 Nc8 38. h3 Nd6 39. Nd7 Ne4 40. g4 fxg4 41. hxg4 Nf2+ 42. Ke3 Nxg4+ 43. Kd3 h4 44. f5 h3 45. f6 Ke6 46. d5+ cxd5 0-1

[Event "Bayview Games Club #101"]
[Site "Toronto CAN"]
[Date "2007.03.05"]
[Round "9"]
[White "Maguire, Jack"]
[Black "Lung, Stephen"]
[Result "0-1"]
[WhiteElo "1299"]
[BlackElo "1529"]
[PlyCount "106"]
[GameId "2160767910739421"]
[EventDate "2007.01.08"]
[EventType "tourn"]
[EventRounds "9"]
[EventCountry "CAN"]
[SourceTitle "EXT 2022"]
[Source "ChessBase"]
[SourceDate "2021.10.06"]
[SourceVersion "1"]
[SourceVersionDate "2021.10.06"]
[SourceQuality "1"]

1. d4 d5 2. Nf3 Nc6 3. Bf4 Nf6 4. e3 e6 5. c3 Be7 6. Nbd2 h6 7. h3 O-O 8. Bd3 Bd6 9. Ne5 Ne7 10. Qf3 Nd7 11. Qg3 Kh8 12. Ndf3 Nf6 13. Qh4 Nf5 14. Bxf5 exf5 15. Bxh6 gxh6 16. Qxh6+ Nh7 17. h4 Qf6 18. Qh5 Bxe5 19. Nxe5 Kg7 20. Rh3 Rh8 21. Rg3+ Kf8 22. Qf3 c6 23. O-O-O Ke7 24. Qf4 Nf8 25. Rg5 Ne6 26. Qxf5 Nxg5 27. Qxf6+ Kxf6 28. hxg5+ Kg7 29. f4 f6 30. gxf6+ Kxf6 31. g4 Be6 32. g5+ Kf5 33. b4 Rag8 34. a4 Ke4 35. Re1 Rh3 36. Kd2 Rh2+ 37. Kd1 Rgh8 38. a5 a6 39. g6 Rg2 40. Rf1 Rg8 41. Rh1 Rg7 42. Rh4 Bf5 43. Nf7 R2xg6 44. Ng5+ Kxe3 45. Kc1 Rf6 46. Kb2 Bd7 47. Nh3 Bxh3 48. Rxh3+ Kxf4 49. Rh8 Rfg6 50. Rb8 Rg2+ 51. Kb3 R2g3 52. Rf8+ Ke3 53. Re8+ Kd2 0-1

[Event "Bayview Games Club #102"]
[Site "Toronto CAN"]
[Date "2007.02.05"]
[Round "1"]
[White "Armstrong, Robert J"]
[Black "Verde, Pino"]
[Result "1-0"]
[WhiteElo "1793"]
[BlackElo "1867"]
[PlyCount "78"]
[GameId "2160767910726694"]
[EventDate "2007.02.05"]
[EventType "tourn"]
[EventRounds "9"]
[EventCountry "CAN"]
[SourceTitle "EXT 2022"]
[Source "ChessBase"]
[SourceDate "2021.10.06"]
[SourceVersion "1"]
[SourceVersionDate "2021.10.06"]
[SourceQuality "1"]

1. d4 Nf6 2. c4 e5 3. d5 Bc5 4. Nc3 e4 5. e3 d6 6. h3 h5 7. Nge2 Nbd7 8. Nd4 Ne5 9. a3 g5 10. b4 Bb6 11. Na4 Bd7 12. Nxb6 axb6 13. Bb2 Ba4 14. Qd2 Qd7 15. Be2 Rg8 16. f4 exf3 17. Nxf3 Ne4 18. Nxe5 dxe5 19. Qd3 Ng3 20. Rg1 e4 21. Qd4 O-O-O 22. Qe5 Nxe2 23. Kxe2 Bc2 24. Rac1 Bd3+ 25. Kd2 f6 26. Qd4 g4 27. c5 Qxd5 28. Qxd5 Rxd5 29. cxb6 c6 30. hxg4 Rxg4 31. Bxf6 h4 32. Rc5 h3 33. Rxd5 cxd5 34. Rc1+ Bc4 35. gxh3 Rg2+ 36. Kd1 Rg6 37. Be5 Rh6 38. Kd2 Rg6 39. h4 Rg2+ 1-0

[Event "Bayview Games Club #102"]
[Site "Toronto CAN"]
[Date "2007.02.12"]
[Round "2"]
[White "Jackiw, Mark"]
[Black "Johnson, Wylie"]
[Result "1-0"]
[WhiteElo "1465"]
[BlackElo "1566"]
[PlyCount "107"]
[GameId "2160767910726695"]
[EventDate "2007.02.05"]
[EventType "tourn"]
[EventRounds "9"]
[EventCountry "CAN"]
[SourceTitle "EXT 2022"]
[Source "ChessBase"]
[SourceDate "2021.10.06"]
[SourceVersion "1"]
[SourceVersionDate "2021.10.06"]
[SourceQuality "1"]

1. c4 f5 2. f4 Nf6 3. Nf3 e6 4. e3 b6 5. Nc3 Bb7 6. d4 Bb4 7. Bd2 Bxc3 8. Bxc3 d6 9. b3 O-O 10. Be2 Ne4 11. Bb2 Nd7 12. O-O Qe7 13. d5 exd5 14. cxd5 Nc3 15. Bxc3 Qxe3+ 16. Kh1 Qxc3 17. Rc1 Qe3 18. Rxc7 Nc5 19. b4 Ne4 20. Rxb7 Qxf4 21. Qd4 Qh6 22. Kg1 Rf6 23. Rc7 Rg6 24. Rfc1 Rf6 25. Bd3 Re8 26. Bb5 Rd8 27. Re1 Rg6 28. Rxa7 Qh3 29. Bf1 Qxf3 30. Rxg7+ Rxg7 31. Qxg7+ Kxg7 32. gxf3 Nc3 33. Bc4 b5 34. Bb3 Kf7 35. Kf2 Ra8 36. Re6 Nxa2 37. Rxd6 Nxb4 38. Rb6 Nd3+ 39. Ke3 Nc5 40. Bc2 Ra3+ 41. Kf4 Rc3 42. Bxf5 Rc4+ 43. Ke5 b4 44. d6 b3 45. Kd5 Rc2 46. Rxb3 Nxb3 47. Bxc2 Na5 48. Bxh7 Nb7 49. d7 Nd8 50. Kd6 Kf8 51. Be4 Kf7 52. Bd5+ Kf8 53. Kc7 Ke7 54. f4 1-0

[Event "Bayview Games Club #102"]
[Site "Toronto CAN"]
[Date "2007.02.12"]
[Round "2"]
[White "Shahabuddin, Alizadeh"]
[Black "Armstrong, Robert J"]
[Result "0-1"]
[WhiteElo "1873"]
[BlackElo "1793"]
[PlyCount "122"]
[GameId "2160767910726696"]
[EventDate "2007.02.05"]
[EventType "tourn"]
[EventRounds "9"]
[EventCountry "CAN"]
[SourceTitle "EXT 2022"]
[Source "ChessBase"]
[SourceDate "2021.10.06"]
[SourceVersion "1"]
[SourceVersionDate "2021.10.06"]
[SourceQuality "1"]

1. e4 g6 2. d4 Bg7 3. Nf3 d6 4. h3 Nf6 5. Nc3 O-O 6. Bc4 Nxe4 7. Bxf7+ Rxf7 8. Nxe4 d5 9. Ng3 Nc6 10. O-O e5 11. dxe5 Nxe5 12. Ng5 Rf8 13. Be3 Nc4 14. Nf3 Nxe3 15. fxe3 Bxb2 16. Rb1 Bg7 17. Qe2 c6 18. Nd4 Rxf1+ 19. Rxf1 Qd6 20. Qf3 Bd7 21. Nh1 Rf8 22. Qg3 Rxf1+ 23. Kxf1 Qxg3 24. Nxg3 Be5 25. Nge2 c5 26. Nf3 Bf6 27. Nf4 d4 28. Nd5 Bg7 29. e4 Ba4 30. Ne1 Kf7 31. Ke2 b6 32. Kd3 Bb5+ 33. Kd2 Bh6+ 34. Kd1 Bc4 35. a4 Ke6 36. Nc7+ Ke5 37. Ne8 Bf4 38. Nd3+ Kxe4 39. Nf6+ Kf5 40. Nxh7 Bxd3 41. cxd3 a6 42. Nf8 b5 43. g4+ Kf6 44. Nd7+ Kg5 45. Nxc5 Kh4 46. axb5 axb5 47. Ke2 Kg3 48. Ne4+ Kxh3 49. Kf3 g5 50. Nc5 b4 51. Nb3 Be3 52. Nc5 Kh2 53. Nb3 Kg1 54. Ke4 Kf2 55. Kd5 Kf3 56. Nxd4+ Bxd4 57. Kxd4 Kxg4 58. Kc4 Kf5 59. d4 Ke6 60. Kxb4 g4 61. Kc5 Kd7 0-1

[Event "Bayview Games Club #102"]
[Site "Toronto CAN"]
[Date "2007.02.12"]
[Round "2"]
[White "Taylor, Jason Lawrence"]
[Black "Maguire, Jack"]
[Result "1/2-1/2"]
[WhiteElo "1675"]
[BlackElo "1387"]
[PlyCount "53"]
[GameId "2160767910726697"]
[EventDate "2007.02.05"]
[EventType "tourn"]
[EventRounds "9"]
[EventCountry "CAN"]
[SourceTitle "EXT 2022"]
[Source "ChessBase"]
[SourceDate "2021.10.06"]
[SourceVersion "1"]
[SourceVersionDate "2021.10.06"]
[SourceQuality "1"]

1. e4 d5 2. exd5 Nf6 3. d4 Bg4 4. Be2 Bxe2 5. Qxe2 Qxd5 6. Nf3 Nc6 7. c3 O-O-O 8. O-O e6 9. b3 h6 10. Ba3 Bxa3 11. Nxa3 a6 12. Nc4 Ne4 13. Qe3 f6 14. Rfe1 f5 15. Nfe5 Nxe5 16. Nxe5 Rhg8 17. Ng6 Rde8 18. c4 Qd8 19. f3 Qg5 20. fxe4 Qxg6 21. Rad1 fxe4 22. Qxe4 Qxe4 23. Rxe4 Rgf8 24. Rde1 Kd7 25. a4 Rf6 26. a5 Re7 27. Re5 1/2-1/2

[Event "Bayview Games Club #102"]
[Site "Toronto CAN"]
[Date "2007.02.12"]
[Round "2"]
[White "Verde, Pino"]
[Black "Tellier, Raymond"]
[Result "0-1"]
[WhiteElo "1867"]
[BlackElo "1434"]
[PlyCount "90"]
[GameId "2160767910726698"]
[EventDate "2007.02.05"]
[EventType "tourn"]
[EventRounds "9"]
[EventCountry "CAN"]
[SourceTitle "EXT 2022"]
[Source "ChessBase"]
[SourceDate "2021.10.06"]
[SourceVersion "1"]
[SourceVersionDate "2021.10.06"]
[SourceQuality "1"]

1. e4 c6 2. d4 d5 3. e5 Bf5 4. g4 Bg6 5. h4 h6 6. h5 Bh7 7. Nf3 e6 8. Bd3 Bxd3 9. Qxd3 Nd7 10. Nh4 Qb6 11. Nc3 c5 12. Bd2 c4 13. Qe3 Be7 14. f4 O-O-O 15. b3 cxb3 16. axb3 Kb8 17. Qd3 Bb4 18. Ke2 Bxc3 19. Bxc3 Rc8 20. Ba5 Qc6 21. Ra2 Ne7 22. Bb4 Rhe8 23. Bd6+ Ka8 24. Rxa7+ Kxa7 25. Ra1+ Kb6 26. c4 dxc4 27. bxc4 Qxc4 28. Rb1+ Ka7 29. Ra1+ Kb6 30. Bc5+ Rxc5 31. dxc5+ Kxc5 32. Ra5+ b5 33. Ra7 Qxd3+ 34. Kxd3 Kc6 35. Nf3 Nc5+ 36. Kc2 Kd5 37. f5 exf5 38. gxf5 Nxf5 39. Rxf7 Nd4+ 40. Nxd4 Kxd4 41. Rxg7 Rxe5 42. Rg4+ Ke3 43. Rb4 Ne6 44. Rb3+ Ke4 45. Rh3 Nf4 0-1

[Event "Bayview Games Club #102"]
[Site "Toronto CAN"]
[Date "2007.02.19"]
[Round "3"]
[White "Armstrong, Robert J"]
[Black "Jackiw, Mark"]
[Result "1-0"]
[WhiteElo "1793"]
[BlackElo "1465"]
[PlyCount "59"]
[GameId "2160767910726699"]
[EventDate "2007.02.05"]
[EventType "tourn"]
[EventRounds "9"]
[EventCountry "CAN"]
[SourceTitle "EXT 2022"]
[Source "ChessBase"]
[SourceDate "2021.10.06"]
[SourceVersion "1"]
[SourceVersionDate "2021.10.06"]
[SourceQuality "1"]

1. d4 e5 2. d5 c6 3. c4 cxd5 4. cxd5 Bb4+ 5. Nc3 Ne7 6. e4 O-O 7. Nf3 d6 8. Be2 Bd7 9. O-O f5 10. exf5 Nxf5 11. Ne4 Be8 12. Nfg5 Nd4 13. Bh5 Nd7 14. Be3 Nf6 15. Bxe8 Nxe4 16. Nxe4 Qxe8 17. Bxd4 exd4 18. Qxd4 Ba5 19. Nxd6 Qd7 20. Nc4 Bd8 21. d6 Bf6 22. Qd5+ Kh8 23. Rae1 b5 24. Ne5 Bxe5 25. Rxe5 Rfd8 26. Rfe1 Rac8 27. Re7 Re8 28. g3 Rxe7 29. Rxe7 Qh3 30. Qg5 1-0